Online Catalogue and eLibrary

Periyar kalanchiyam 4 (Record no. 677)

MARC details
000 -LEADER
fixed length control field 00385nam a2200133Ia 4500
005 - DATE AND TIME OF LATEST TRANSACTION
control field 20250408073328.0
008 - FIXED-LENGTH DATA ELEMENTS--GENERAL INFORMATION
fixed length control field 240331s9999 xx 000 0 und d
082 ## - DDC Classification
Class No. 295
Item Number - Author Mark PER
245 #0 - TITLE STATEMENT
Title Periyar kalanchiyam 4
260 ## - PUBLICATION, DISTRIBUTION, ETC.
Place of publication, distribution, etc. Madras
Name of publisher, distributor, etc. The Periyar Self - respect propaganda Institution
Date of publication, distribution, etc. 1994
300 ## - PHYSICAL DESCRIPTION
Extent (e.g. Volumes, Pages etc.) 296 p .,
500 ## - GENERAL NOTE
General note Collected works of thanthai periyar E.V. Ramasami
942 ## - Koha item type (Biblio)
Koha item type Books in Stacks (Lending)
Holdings
Lost status Damaged status Collection code Home library Current library Shelving location Date acquired Full call number Accession Number Item type
    Lending WERC Library WERC Library Social Science Cupboard 03/31/2024 295 PER 2168 Books in Stacks (Lending)

© WERC Library